000
00288nam a2200109Ia 4500
008
200302s9999 xx 000 0 und d
100
_a
Avi Friedman
245
_a
The Nature of place A Search for authenticity
260
_b
Princeton Architectural Press
260
_c
2012
300
_a
191 P.,
999
_c
4169
_d
4169